Statistiken für Alle Pokémon mit "F"

Klicken Sie hier um das Quiz zu spielen!

Allgemein

  • Dieses Quiz wurde 36 mal gespielt
  • Das Durchschnittsergebnis liegt bei 27 aus 64

Antwortstatistiken

TypPokémon% Korrekt
Feuer 🔥Feurigel
79%
Feuer / KampfFerkokel
71%
Eis ❄Firnontor
71%
Feuer 🔥Floink
71%
Eis / GeistFrosdedje
71%
Feuer 🔥Fynx
71%
Feuer / PsychoFennexis
64%
Käfer / StahlFermicula
64%
Fee 🧚🏼‍♂️Flabebe
64%
Feuer / KampfFlambirex
64%
Wasser / PsychoFlegmon
64%
Fee 🧚🏼‍♂️Florges
64%
Elektro / BodenFlunschlik
64%
Feuer 🔥Fukano
64%
Feuer 🔥Flamara
57%
Feuer 🔥Flampion
57%
Feuer 🔥Flemmli
57%
Fee 🧚🏼‍♂️Floette
57%
Stahl / FeeFlunkifer
57%
Feuer / UnlichtFuegro
57%
Fee 🧚🏼‍♂️Feelinara
50%
Normal ✳Ferkuli
50%
Feuer 🔥Flamiau
50%
Feuer 🔥Flampivian
50%
Feuer 🔥Furnifraß
50%
Normal / FlugFasasnob
43%
Feuer / FlugFiaro
43%
Wasser 💧Finneon
43%
Käfer / PflanzeFolikon
43%
Pflanze 🌿Folipurba
43%
Normal ✳Fragrunz
43%
Geist 👻Fatalitee
36%
Wasser / BodenFelino
36%
Unlicht 🌜Fiffyen
36%
Gestein / FlugFlapteryx
36%
Psycho / FlugFleknoil
36%
Psycho / FlugFletiamo
36%
Normal / FeeFluffeluff
36%
Normal ✳Formeo
36%
Elektro ⚡Frizelbliz
36%
Drache / EisFrospino
36%
Wasser 💧Froxy
36%
Pflanze 🌿Frubaila
36%
Pflanze 🌿Frubberl
36%
Pflanze 🌿Fruyal
36%
Flug / KampfFlaminkno
29%
Fee 🧚🏼‍♂️Flauschling
29%
Normal ✳Flurmel
29%
Käfer / StahlForstellka
29%
Geist 👻Friedwuff
29%
Eis ❄Frigometri
29%
Normal ✳Famieps
21%
Normal ✳Farbeagle
21%
Pflanze / GeistFatalitcha
21%
Unlicht 🌜Felilou
21%
Pflanze 🌿Felori
21%
Eis ❄Flaniwal
21%
Psycho 🧠Flattutu
21%
Normal / PsychoFarigiraf
14%
Pflanze 🌿Feliospa
14%
Geist / FeeFlatterhaar
14%
Fee / StahlForgita
14%
Wasser 💧Fuentente
14%
Elektro / DracheFurienblitz
14%

Verteilung der Resultate

Perzentil nach korrekt beantworteten Fragen

Anzahl Personen mit jedem Resultat

Ihre Resultats-Entwicklung

Sie haben dieses Quiz noch nicht gespielt